| 000 | nam a22 7a 4500 | ||
|---|---|---|---|
| 999 |
_c54016 _d54016 |
||
| 005 | 20200702183609.0 | ||
| 008 | 200702b xxu||||| |||| 00| 0 eng d | ||
| 040 | _aANE | ||
| 041 | _aEs | ||
| 100 | _aGreño Velasco, José Enrique | ||
| 245 | _aBOLIVIA Y SU RETORNO AL MAR | ||
| 300 | _a40 p. | ||
| 856 | _uhttp://documentacion.asambleanacional.gob.ec/alfresco/d/d/workspace/SpacesStore/79f9d831-f1e6-4c14-97af-000da2c8a2f8/Dialnet-BoliviaYSuRetornoAlMar-4769824.pdf | ||
| 942 |
_2ddc _cBV _zmbc |
||